000
00308nam a22001337a 4500
008
170309b xxu||||| |||| 00| 0 eng d
020
_a
9781401871888
041
_a
eng
080
_2
2ND
_a
611
100
_a
6
101
_a
SHM
245
_a
FUNDAMENTALS OF ANATOMY & PHYSIOLOGY
_c
RIZZO, D.C
942
_2
udc
_c
BK
999
_c
7341
_d
7341